Equipes gagnantes saison 2019/2020 - Statistiques

Statistiques générales
  • Ce quiz a été pris 59 fois
    9 depuis la dernière actualisation
  • Le résultat moyen est 72 sur 88
Statistiques - réponses
Hint Réponse % Correct
G Alisson
100%
DEF Alphonso Davies
100%
DEF Alphonso Davies
100%
DEF Andrew Robertson
100%
MIL Blaise Matuidi
100%
ATT Cristiano Ronaldo
100%
DEF Dani Carvajal
100%
DEF Joe Gomez
100%
MIL Jordan Henderson
100%
MIL Joshua Kimmich
100%
DEF Joshua Kimmich
100%
Joshua Kimmich
100%
ATT Karim Benzema
100%
ATT Kylian Mbappé
100%
MIL Leon Goretzka
100%
MIL Leon Goretzka
100%
Leon Goretzka
100%
MIL Luka Modrić
100%
G Manuel Neuer
100%
G Manuel Neuer
100%
Manuel Neuer
100%
DEF Marquinhos
100%
ATT Mohamed Salah
100%
ATT Neymar Jr
100%
Niklas Süle
100%
ATT Robert Lewandowski
100%
ATT Robert Lewandowski
100%
Robert Lewandowski
100%
ATT Roberto Firmino
100%
ATT Sadio Mané
100%
G Thibaut Courtois
100%
MIL Toni Kroos
100%
DEF Virgil van Dijk
100%
MIL Adrien Rabiot
86%
DEF Alex Sandro
86%
ATT Ángel Di María
86%
DEF Benjamin Pavard
86%
Benjamin Pavard
86%
MIL Casemiro
86%
MIL Fabinho
86%
DEF Ferland Mendy
86%
DEF Jérôme Boateng
86%
DEF Jérôme Boateng
86%
DEF Jesús Navas
86%
DEF Juan Bernat
86%
G Keylor Navas
86%
DEF Leonardo Bonucci
86%
Leroy Sané
86%
MIL Marco Verratti
86%
ATT Paulo Dybala
86%
DEF Raphaël Varane
86%
ATT Serge Gnabry
86%
ATT Serge Gnabry
86%
Serge Gnabry
86%
DEF Sergio Ramos
86%
MIL Thiago Alcántara
86%
MIL Thiago Alcántara
86%
DEF Thiago Silva
86%
ATT Thomas Müller
86%
ATT Thomas Müller
86%
Thomas Müller
86%
DEF Trent Alexander-Arnold
86%
ATT Vinicius Júnior
86%
DEF David Alaba
71%
DEF David Alaba
71%
David Alaba
71%
MIL Frederico Valverde
71%
MIL Georginio Wijnaldum
71%
MIL Idrissa Gueye
71%
DEF Juan Cuadrado
71%
DEF Matthijs de Ligt
71%
ATT Mauro Icardi
71%
MIL Miralem Pjanić
71%
DEF Thomas Meunier
71%
G Wojciech Szczęsny
71%
G Yassine Bounou
71%
DEF Jules Koundé
57%
ATT Kingsley Coman
57%
Lucas Hernandez
57%
MIL Rodrigo Bentancur
57%
DEF Diego Carlos
43%
MIL Éver Banega
43%
ATT Lucas Ocampos
43%
MIL Fernando
29%
ATT Luuk de Jong
29%
ATT Suso
29%
MIL Joan Jordan
0%
DEF Sergio Reguilón
0%
Aucun quiz correspondant
Distribution des résultats
% des personnes avec chaque résultat
Percentile par nombre de réponses
Votre historique - résultats
Vous n’avez pas pris ce quiz depuis la dernière actualisation